Brasília International Airport Destinations (Brasília, Brazil) - Statistics

General Stats
  • This quiz has been taken 121 times
    47 since last reset
  • The average score is 28 of 48
Answer Stats
Airline Destination % Correct
Azul Brazilian Airlines/Gol Linhas Aéreas/LATAM Brasil São Paulo (Congonhas)
95%
Gol Linhas Aéreas/LATAM Brasil São Paulo (Guarulhos)
95%
Gol Linhas Aéreas/LATAM Brasil Rio de Janeiro (Galeão)
92%
Gol Linhas Aéreas/LATAM Brasil Rio de Janeiro (Santos Dumont)
92%
Aerolíneas Argentinas/Gol Linhas Aéreas Buenos Aires (Aeroparque)
89%
Azul Brazilian Airlines/Gol Linhas Aéreas/LATAM Brasil Salvador da Bahia
89%
Gol Linhas Aéreas/LATAM Brasil Manaus
86%
LATAM Perú Lima
84%
TAP Air Portugal Lisbon
84%
Azul Brazilian Airlines/Gol Linhas Aéreas/LATAM Brasil Belo Horizonte (Confins)
81%
Gol Linhas Aéreas Bogotá
81%
Gol Linhas Aéreas/LATAM Brasil Fortaleza
81%
Gol Linhas Aéreas/LATAM Brasil Porto Alegre
81%
Azul Brazilian Airlines/Gol Linhas Aéreas/LATAM Brasil Recife
81%
LATAM Brasil/Sky Airline Santiago de Chile
81%
Gol Linhas Aéreas/LATAM Brasil Belém
78%
Gol Linhas Aéreas/LATAM Brasil Curitiba
76%
Gol Linhas Aéreas/LATAM Brasil Florianópolis
76%
Gol Linhas Aéreas Miami
76%
Gol Linhas Aéreas/LATAM Brasil Natal
76%
Gol Linhas Aéreas Orlando
68%
Gol Linhas Aéreas/LATAM Brasil Goiânia
62%
Gol Linhas Aéreas/LATAM Brasil São Luis
62%
Gol Linhas Aéreas/LATAM Brasil Vitória
62%
Azul Brazilian Airlines/Gol Linhas Aéreas/LATAM Brasil Campinas
57%
Gol Linhas Aéreas/LATAM Brasil Cuiabá
57%
Gol Linhas Aéreas/LATAM Brasil João Pessoa
57%
Azul Brazilian Airlines/Gol Linhas Aéreas/LATAM Brasil Maceió
57%
Copa Airlines Panama City (Tocumen)
57%
Gol Linhas Aéreas/LATAM Brasil Palmas
51%
Gol Linhas Aéreas/LATAM Brasil Porto Velho
51%
Gol Linhas Aéreas/LATAM Brasil Aracaju
49%
LATAM Brasil Campo Grande
49%
LATAM Brasil Macapá
46%
Gol Linhas Aéreas/LATAM Brasil Rio Branco
43%
Gol Linhas Aéreas/LATAM Brasil Boa Vista
38%
LATAM Brasil Foz do Iguaçu
38%
Gol Linhas Aéreas/LATAM Brasil Teresina
38%
LATAM Brasil Uberlândia
32%
Gol Linhas Aéreas Cancún
30%
Azul Brazilian Airlines/Gol Linhas Aéreas/LATAM Brasil Porto Seguro
30%
LATAM Brasil Navegantes
24%
LATAM Brasil Santarém
22%
LATAM Brasil Imperatriz
16%
LATAM Brasil Sinop
14%
Gol Linhas Aéreas Jericoacoara
8%
Gol Linhas Aéreas/LATAM Brasil Marabá
8%
Voepass Linhas Aereas Araguaina
5%
No matching quizzes found
Score Distribution
Percent of People with Each Score
Percentile by Number Answered
Your Score History
You have not taken this quiz since the last reset